Donald Trump trò lố truyền thông hay bộ óc vĩ đại

Nội dung sách giới thiệu về Donald Trump và những suy nghĩ của ông ấy về đời sống chính trị, kinh doanh và bản thân mình. Bằng việc đưa ra những câu nói, những trích dẫn được lựa chọn trong cuộc sống của Trump sẽ khiến chúng ta hiểu ông â...

全面介紹

Đã lưu trong:
書目詳細資料
主要作者: Beahm, George W.
格式: 圖書
語言:Undetermined
出版: Hà Nội Lao động 2016
主題:
標簽: 添加標簽
沒有標簽, 成為第一個標記此記錄!
Thư viện lưu trữ: Trung tâm Học liệu Trường Đại học Cần Thơ
LEADER 01233nam a2200229Ia 4500
001 CTU_220948
008 210402s9999 xx 000 0 und d
020 |c 69000 
082 |a 333.33092 
082 |b B366 
100 |a Beahm, George W. 
245 0 |a Donald Trump trò lố truyền thông hay bộ óc vĩ đại 
245 0 |c George Beahm ; Hà Tú Tùng Chi dịch 
260 |a Hà Nội 
260 |b Lao động 
260 |c 2016 
520 |a Nội dung sách giới thiệu về Donald Trump và những suy nghĩ của ông ấy về đời sống chính trị, kinh doanh và bản thân mình. Bằng việc đưa ra những câu nói, những trích dẫn được lựa chọn trong cuộc sống của Trump sẽ khiến chúng ta hiểu ông ấy đang nghĩ gì và có nhiều góc nhìn khác nhau về con người này. 
650 |a Trump, Donald,Trump, Donald,Tiểu sử,Trump, Donald 
650 |x Political and social views.,Doanh nhân,Quan điểm chính trị xã hội 
650 |y 1946- 
904 |i Phan Thanh Thảo, Tuyến 
980 |a Trung tâm Học liệu Trường Đại học Cần Thơ